[Event "12.PSF-B"]
[Site "Prague"]
[Date "2016.06.20"]
[Round "3.2"]
[White "Kalvach, Ladislav"]
[Black "Krnak, Vladimir"]
[Result "1-0"]
[WhiteElo "1777"]
[BlackElo "1720"]
[PlyCount "89"]
[EventDate "2016.06.25"]
[EventType "swiss"]
[EventRounds "9"]
[EventCountry "CZE"]

1. e4 e5 2. Nf3 d6 3. Bc4 Be7 4. d4 Nf6 5. dxe5 Nxe4 6. Bxf7+ Kxf7 7. Qd5+ Be6
8. Qxe4 d5 9. Qf4+ Ke8 10. Nd4 Qd7 11. O-O Rf8 12. Qg3 Rg8 13. Nc3 Na6 14. a3
c6 15. b4 Nc7 16. Bg5 g6 17. Qh4 Rg7 18. Bf6 Rf7 19. Rfe1 Kf8 20. Re3 Re8 21.
Rae1 Kg8 22. Bxe7 Rfxe7 23. h3 Rf8 24. Nce2 Ref7 25. f4 Rg7 26. Kh2 Kh8 27. g4
Rfg8 28. Rg1 Qe7 29. Qxe7 Rxe7 30. Ng3 Bc8 31. f5 Rge8 32. Rge1 c5 33. bxc5 Na6
34. c6 bxc6 35. Nxc6 Rc7 36. Nd4 Rc4 37. c3 Ra4 38. Nb5 gxf5 39. gxf5 Rf8 40.
e6 Nc5 41. e7 Re8 42. Nd6 Bd7 43. Nh5 d4 44. Rg3 Rxa3 45. Nf7# 1-0

[Event "12.PSF-B"]
[Site "Prague"]
[Date "2016.06.20"]
[Round "3.3"]
[White "Fiala, Jiri"]
[Black "Schoppe, Christian"]
[Result "1-0"]
[WhiteElo "1934"]
[BlackElo "1633"]
[PlyCount "73"]
[EventDate "2016.06.25"]
[EventType "swiss"]
[EventRounds "9"]
[EventCountry "CZE"]

1. d4 Nf6 2. Nf3 d6 3. c4 c6 4. Nc3 g6 5. e4 Bg7 6. Bg5 Bg4 7. Be2 Qa5 8. Qd2
h6 9. Be3 Be6 10. h3 Nbd7 11. a3 Nf8 12. b4 Qd8 13. Rc1 g5 14. d5 Bd7 15. Nd4
Ng6 16. Nf5 Bf8 17. g3 e6 18. Nd4 cxd5 19. cxd5 a6 20. dxe6 fxe6 21. Qa2 Qe7
22. Bc4 Ne5 23. Be2 Rc8 24. O-O Bg7 25. Kg2 O-O 26. Nf5 Qf7 27. Nxd6 Qg6 28.
Nxc8 Bxc8 29. f3 h5 30. g4 hxg4 31. hxg4 b5 32. Bc5 Re8 33. Qd2 Nfd7 34. Be3
Bf6 35. Rh1 Bb7 36. Rh5 Nf7 37. Qxd7 1-0

[Event "12.PSF-B"]
[Site "Prague"]
[Date "2016.06.20"]
[Round "3.4"]
[White "Husa, Daniel"]
[Black "Novy, Filip"]
[Result "0-1"]
[WhiteElo "1392"]
[BlackElo "1966"]
[PlyCount "120"]
[EventDate "2016.06.25"]
[EventType "swiss"]
[EventRounds "9"]
[EventCountry "CZE"]

1. b3 d5 2. Bb2 Nf6 3. e3 c6 4. f4 Bg4 5. Be2 Bxe2 6. Nxe2 Nbd7 7. O-O Qc7 8.
d3 e5 9. fxe5 Nxe5 10. Nbc3 Neg4 11. Ng3 O-O-O 12. Qf3 Bc5 13. Rfe1 Nxe3 14.
Rxe3 Rhe8 15. Nd1 Bxe3+ 16. Nxe3 Qb6 17. Ngf1 Re6 18. c3 Rde8 19. Re1 Qa6 20.
a4 Qxd3 21. Qg3 Qg6 22. Qf3 Ng4 23. h3 Ne5 24. Qe2 Nd3 25. Rd1 Nc5 26. Qf2 Nd3
27. Qe2 Nxb2 28. Qxb2 Rxe3 29. Nxe3 Rxe3 30. Qf2 Qe6 31. Rf1 f6 32. Qh4 h6 33.
Qd4 b6 34. Qb4 Kb7 35. a5 c5 36. Qb5 Rxc3 37. axb6 axb6 38. Ra1 Qe3+ 39. Kh2
Qf4+ 40. Kh1 Rc1+ 41. Rxc1 Qxc1+ 42. Kh2 Qf4+ 43. Kh1 Qc7 44. Qd3 Qd7 45. Qf3
Kc6 46. Qc3 d4 47. Qd3 Qd5 48. Qg3 d3 49. Qxg7 d2 50. Qxf6+ Kc7 51. Qe7+ Qd7
52. Qe5+ Kb7 53. Qe4+ Ka7 54. Qh4 d1=Q+ 55. Kh2 Q7d6+ 56. Qg3 Qxg3+ 57. Kxg3
Qxb3+ 58. Kh4 c4 59. Kh5 Qe3 60. g4 Qg5# 0-1

[Event "12.PSF-B"]
[Site "Prague"]
[Date "2016.06.20"]
[Round "3.5"]
[White "Vitek, Jan"]
[Black "Ruzicka, Vaclav"]
[Result "1/2-1/2"]
[WhiteElo "1775"]
[BlackElo "1635"]
[PlyCount "31"]
[EventDate "2016.06.25"]
[EventType "swiss"]
[EventRounds "9"]
[EventCountry "CZE"]

1. d4 Nf6 2. e3 d6 3. f4 Bg4 4. Nf3 Nbd7 5. h3 Bxf3 6. Qxf3 c6 7. e4 e5 8. c3
Qb6 9. dxe5 dxe5 10. Nd2 exf4 11. Nc4 Qc5 12. Bxf4 Qh5 13. g4 Qh4+ 14. Bg3 Qg5
15. Be2 h5 16. gxh5 1/2-1/2

[Event "12.PSF-B"]
[Site "Prague"]
[Date "2016.06.20"]
[Round "3.6"]
[White "Korsinskij, Nikolas"]
[Black "Kosar, Milan"]
[Result "0-1"]
[WhiteElo "1408"]
[BlackElo "1668"]
[PlyCount "34"]
[EventDate "2016.06.25"]
[EventType "swiss"]
[EventRounds "9"]
[EventCountry "CZE"]

1. e4 c5 2. Nf3 Nc6 3. d4 cxd4 4. Nxd4 e5 5. Nf5 d5 6. Nc3 d4 7. Ne2 Nf6 8. Bg5
Qa5+ 9. Bd2 Qb6 10. Bg5 Nxe4 11. Qc1 Bxf5 12. f3 Nxg5 13. Qxg5 Qxb2 14. Rd1
Bxc2 15. Rc1 d3 16. Ng3 Qc3+ 17. Qd2 Qa3 0-1

[Event "12.PSF-B"]
[Site "Prague"]
[Date "2016.06.20"]
[Round "3.7"]
[White "Sebek, Pavel"]
[Black "Rousek, Jan"]
[Result "0-1"]
[WhiteElo "1612"]
[BlackElo "1421"]
[PlyCount "114"]
[EventDate "2016.06.25"]
[EventType "swiss"]
[EventRounds "9"]
[EventCountry "CZE"]

1. e4 c5 2. Nf3 e6 3. Nc3 Nc6 4. d4 cxd4 5. Nxd4 Nf6 6. Nxc6 bxc6 7. Bd3 Bb4 8.
Bd2 O-O 9. O-O Bb7 10. a3 Ba5 11. b4 Bb6 12. Na4 d5 13. Nxb6 axb6 14. Bg5 dxe4
15. Bxf6 Qxf6 16. Bxe4 Rfd8 17. Qf3 Qxf3 18. Bxf3 Rd2 19. c4 Rc2 20. Rfd1 Rxc4
21. Rd7 Rb8 22. Rad1 g6 23. b5 Rc5 24. a4 Kg7 25. h3 Bc8 26. Rc7 cxb5 27. Rxc5
bxc5 28. axb5 Rxb5 29. Rc1 e5 30. Bc6 Ra5 31. Rc3 Be6 32. h4 Ra1+ 33. Kh2 c4
34. g3 Rd1 35. Kg2 Rd3 36. Rc2 c3 37. Be4 Rd4 38. Kf3 Rxe4 39. Rxc3 Rb4 40. Ke2
Re4+ 41. Kd2 Rc4 42. Re3 Rd4+ 43. Kc3 f6 44. f4 Ra4 45. Kd2 Ra2+ 46. Kc1 Ra5
47. Kd2 Bg4 48. fxe5 Rxe5 49. Kd3 Rxe3+ 50. Kxe3 Kh6 51. Kf4 Kh5 52. Ke4 Bd1
53. Kf4 f5 54. Ke3 Kg4 55. Kf2 Ba4 56. Kg2 Bc6+ 57. Kh2 Bd5 0-1

[Event "12.PSF-B"]
[Site "Prague"]
[Date "2016.06.20"]
[Round "3.8"]
[White "Engel, Tomas"]
[Black "Magsumov, Rinat"]
[Result "0-1"]
[WhiteElo "1469"]
[BlackElo "1599"]
[PlyCount "62"]
[EventDate "2016.06.25"]
[EventType "swiss"]
[EventRounds "9"]
[EventCountry "CZE"]

1. e4 e6 2. d4 d5 3. e5 c5 4. c3 Nc6 5. Nf3 Qb6 6. a3 Nh6 7. b4 c4 8. Be2 Nf5
9. O-O Be7 10. g4 Nh4 11. Nxh4 Bxh4 12. f4 g5 13. fxg5 Nxe5 14. Kg2 Ng6 15. Rf6
h6 16. Bf3 Bxg5 17. Bxg5 hxg5 18. Qe1 Qd6 19. Qg3 Nf4+ 20. Kg1 Nh3+ 21. Kg2
Qxg3+ 22. hxg3 Ke7 23. Bxd5 Kxf6 24. Bxc4 e5 25. dxe5+ Kxe5 26. Be2 Bd7 27. Nd2
Bc6+ 28. Nf3+ Kf6 29. Rd1 Rae8 30. Rd6+ Re6 31. Rd2 Rxe2+ 0-1

[Event "12.PSF-B"]
[Site "Prague"]
[Date "2016.06.20"]
[Round "3.9"]
[White "Lhotska, Anna"]
[Black "Novotny, Josef"]
[Result "1-0"]
[WhiteElo "1461"]
[BlackElo "1523"]
[PlyCount "121"]
[EventDate "2016.06.25"]
[EventType "swiss"]
[EventRounds "9"]
[EventCountry "CZE"]

1. e4 c5 2. Nf3 e6 3. d4 cxd4 4. Nxd4 a6 5. Be3 Qc7 6. Nc3 Nf6 7. f3 Nc6 8. Qd2
Be7 9. O-O-O O-O 10. g4 d5 11. g5 Nh5 12. exd5 Nb4 13. dxe6 fxe6 14. a3 Nc6 15.
Nxc6 Qxc6 16. Bg2 Qc7 17. h4 Rd8 18. Qf2 Bd6 19. Bb6 Bf4+ 20. Kb1 Rxd1+ 21.
Rxd1 Bg3 22. Bxc7 Bxf2 23. Rd8+ Kf7 24. f4 Ke7 25. Ne4 Nxf4 26. Bh1 Nd5 27.
Nxf2 Nxc7 28. Rh8 Ne8 29. Rxh7 e5 30. Be4 Kf7 31. g6+ Kf6 32. Rh5 Nd6 33. Bd3
Bd7 34. Ne4+ Nxe4 35. Bxe4 Rb8 36. Kc1 b6 37. Kd2 Rd8 38. Ke3 Be6 39. Bd3 a5
40. Rg5 Rh8 41. Rg3 Rxh4 42. Rf3+ Ke7 43. Bf5 Bd5 44. Rf2 Rh1 45. Bg4 Rg1 46.
Bf5 Rg3+ 47. Kd2 Rg2 48. Rxg2 Bxg2 49. Kd3 Kf6 50. Be4 Bxe4+ 51. Kxe4 Kxg6 52.
Kxe5 Kg5 53. c4 Kg4 54. b4 g5 55. bxa5 bxa5 56. c5 Kf3 57. c6 g4 58. c7 g3 59.
c8=Q g2 60. Qa8+ Kg3 61. Qg8+ 1-0

[Event "12.PSF-B"]
[Site "Prague"]
[Date "2016.06.20"]
[Round "3.10"]
[White "Plate, Marion Helga"]
[Black "Rimovsky, Pavel"]
[Result "1-0"]
[WhiteElo "1276"]
[BlackElo "1422"]
[PlyCount "55"]
[EventDate "2016.06.25"]
[EventType "swiss"]
[EventRounds "9"]
[EventCountry "CZE"]

1. d4 Nf6 2. Nf3 d6 3. Bf4 Bg4 4. e3 Nh5 5. h3 Nxf4 6. hxg4 Ng6 7. Be2 Nd7 8.
c4 e5 9. Nc3 c6 10. d5 Be7 11. Ne4 Nf6 12. Nxf6+ Bxf6 13. Qa4 Qc7 14. Rc1 O-O
15. Qc2 Qa5+ 16. Kf1 cxd5 17. Qf5 Rfc8 18. g5 Bd8 19. Qh3 dxc4 20. g3 e4 21.
Nd4 Qxg5 22. Qxh7+ Kf8 23. Rh5 Qf6 24. Rf5 Qe7 25. Qxg6 f6 26. Qh7 Ke8 27. Bxc4
a6 28. Qg6+ 1-0

[Event "12.PSF-B"]
[Site "Prague"]
[Date "2016.06.20"]
[Round "3.11"]
[White "Palla, Ivan"]
[Black "Korsinskij, Marek"]
[Result "1/2-1/2"]
[WhiteElo "1558"]
[BlackElo "1378"]
[PlyCount "66"]
[EventDate "2016.06.25"]
[EventType "swiss"]
[EventRounds "9"]
[EventCountry "CZE"]

1. Nf3 d5 2. g3 Nc6 3. Bg2 e5 4. d3 Nf6 5. O-O Bc5 6. Bg5 h6 7. Bxf6 gxf6 8.
Nc3 Rg8 9. e4 d4 10. Ne2 h5 11. Nh4 Bg4 12. h3 Be6 13. Kh2 Qd7 14. a3 f5 15. c3
O-O-O 16. b4 Bb6 17. c4 a6 18. b5 axb5 19. cxb5 Ne7 20. a4 Ba5 21. Qc2 Qd6 22.
Rab1 f4 23. Rfc1 Ng6 24. Nf5 Bxf5 25. exf5 Ne7 26. Be4 Nd5 27. Qc5 fxg3+ 28.
fxg3 Nc3 29. Qxd6 Rxd6 30. Nxc3 Bxc3 31. Rf1 Rdd8 32. Rf2 f6 33. Rg1 Rg5
1/2-1/2

[Event "12.PSF-B"]
[Site "Prague"]
[Date "2016.06.20"]
[Round "3.12"]
[White "Bara, Josef"]
[Black "Rous, Dominik"]
[Result "1-0"]
[WhiteElo "1437"]
[BlackElo "1224"]
[PlyCount "61"]
[EventDate "2016.06.25"]
[EventType "swiss"]
[EventRounds "9"]
[EventCountry "CZE"]

1. d4 Nf6 2. c4 d6 3. Nc3 g6 4. Nf3 Bg7 5. e4 O-O 6. Be2 Bd7 7. O-O Bg4 8. h3
Bxf3 9. Bxf3 e6 10. Bg5 Nbd7 11. Re1 a6 12. e5 dxe5 13. dxe5 Nxe5 14. Rxe5
Qxd1+ 15. Rxd1 h6 16. Bxf6 Bxf6 17. Re3 Bg5 18. Red3 c6 19. Ne4 Be7 20. b3 Rfd8
21. Rxd8+ Rxd8 22. Rxd8+ Bxd8 23. Nc5 b6 24. Nxa6 c5 25. Nb8 h5 26. Nc6 Bc7 27.
a3 Kg7 28. b4 cxb4 29. axb4 Kf6 30. b5 e5 31. Bd5 1-0

[Event "12.PSF-B"]
[Site "Prague"]
[Date "2016.06.20"]
[Round "3.13"]
[White "Vavrova, Jirina"]
[Black "Zubek, Rudolf"]
[Result "1/2-1/2"]
[WhiteElo "1051"]
[BlackElo "1423"]
[PlyCount "56"]
[EventDate "2016.06.25"]
[EventType "swiss"]
[EventRounds "9"]
[EventCountry "CZE"]

1. e4 c5 2. Nf3 e6 3. Ne5 d6 4. Nc4 Nc6 5. Qf3 b5 6. Ne3 b4 7. Bb5 Bd7 8. Nc4
a6 9. Ba4 Be7 10. g3 Bf6 11. a3 Rb8 12. c3 bxc3 13. dxc3 Qc7 14. O-O Nge7 15.
Re1 O-O 16. Nbd2 Na5 17. Bc2 Bb5 18. b3 d5 19. exd5 exd5 20. Ne3 Bxc3 21. Qh5
g6 22. Qg5 Bxa1 23. Nxd5 Nxd5 24. Qxd5 Rfd8 25. Qg5 Bc3 26. Re7 Qd6 27. Re2
Bxe2 28. Ne4 Qe6 {Verte nebo ne, na obou partiarich je podepsana remiza ...}
1/2-1/2

[Event "12.PSF-B"]
[Site "Prague"]
[Date "2016.06.20"]
[Round "3.14"]
[White "Zacek, Petr"]
[Black "Kucera, Josef"]
[Result "0-1"]
[WhiteElo "1584"]
[BlackElo "1739"]
[PlyCount "102"]
[EventDate "2016.06.25"]
[EventType "swiss"]
[EventRounds "9"]
[EventCountry "CZE"]

1. e4 g6 2. d4 Bg7 3. Nf3 d6 4. Be2 Nf6 5. Nc3 O-O 6. O-O Nbd7 7. Be3 c6 8. Qd2
Ng4 9. Bf4 e5 10. Bg3 Qc7 11. h3 Ngf6 12. Rfe1 Ne8 13. Rad1 Nb6 14. d5 c5 15.
Bh4 a6 16. Bg5 Nf6 17. Bh6 Bd7 18. Bxg7 Kxg7 19. Nh4 Qd8 20. Nf3 Nh5 21. Nh2
Nf4 22. Bg4 f5 23. exf5 gxf5 24. Be2 Qg5 25. Bf3 Nc4 26. Qc1 Nxh3+ 27. Kf1 Qxc1
28. Rxc1 Ng5 29. Be2 b5 30. Bxc4 bxc4 31. f4 Nf7 32. Nf3 exf4 33. Re7 Rad8 34.
Rce1 Kf6 35. Nd2 Rfe8 36. Rxe8 Rxe8 37. Rxe8 Bxe8 38. Nxc4 Bb5 39. b3 Bxc4+ 40.
bxc4 Ke5 41. Ne2 Ke4 42. Kf2 Ne5 43. a3 Nxc4 44. Nc3+ Ke5 45. a4 Nb6 46. Kf3
Nxd5 47. Nxd5 Kxd5 48. Kxf4 Ke6 49. c4 a5 50. g3 Kf6 51. Ke3 Ke5 0-1

[Event "12.PSF-B"]
[Site "Prague"]
[Date "2016.06.21"]
[Round "4.1"]
[White "Koper, Stefan"]
[Black "Kalvach, Ladislav"]
[Result "1/2-1/2"]
[WhiteElo "1872"]
[BlackElo "1777"]
[PlyCount "69"]
[EventDate "2016.06.25"]
[EventType "swiss"]
[EventRounds "9"]
[EventCountry "CZE"]

1. d4 Nf6 2. c4 e6 3. Nf3 b6 4. g3 Bb7 5. Bg2 d6 6. Nc3 Be7 7. O-O O-O 8. Qc2
Nbd7 9. e4 e5 10. d5 a5 11. Ne1 Nc5 12. b3 Ba6 13. Nd3 Nfd7 14. Be3 Nxd3 15.
Qxd3 Bg5 16. Bxg5 Qxg5 17. Bh3 Nc5 18. Qc2 g6 19. f4 Qh5 20. Kg2 Rae8 21. f5 f6
22. g4 Qg5 23. fxg6 hxg6 24. Kh1 Re7 25. Rf3 Rh7 26. Qf2 Kg7 27. Qe3 Qxe3 28.
Rxe3 Rfh8 29. Kg2 Rh4 30. Rae1 Nb7 31. Nb5 Bxb5 32. cxb5 Nc5 33. Rg3 Kh6 34. a3
Kg5 35. b4 1/2-1/2

[Event "12.PSF-B"]
[Site "Prague"]
[Date "2016.06.21"]
[Round "4.2"]
[White "Novy, Filip"]
[Black "Fiala, Jiri"]
[Result "1-0"]
[WhiteElo "1966"]
[BlackElo "1934"]
[PlyCount "83"]
[EventDate "2016.06.25"]
[EventType "swiss"]
[EventRounds "9"]
[EventCountry "CZE"]

1. e4 c5 2. Nf3 e6 3. d4 cxd4 4. Nxd4 a6 5. c4 Qc7 6. a3 Nf6 7. Nc3 Be7 8. Be2
O-O 9. O-O b6 10. Be3 d6 11. Rc1 Bb7 12. f3 Nbd7 13. Kh1 Rac8 14. b4 Qb8 15.
Nb3 Rfd8 16. Qd2 Qc7 17. Rfd1 Re8 18. Qd4 e5 19. Qd2 Nf8 20. Qe1 Ng6 21. Rd2
Nf4 22. Bf1 h5 23. Qf2 Nd7 24. Na4 Bd8 25. Rcd1 Re6 26. g3 Ng6 27. Bh3 Rf6 28.
Bg5 Qxc4 29. Bxf6 Nxf6 30. Bxc8 Bxc8 31. Rc1 Qe6 32. Nxb6 Bb7 33. Na5 Bxe4 34.
Rc8 Qe7 35. fxe4 Nxe4 36. Qf5 Nxd2 37. Nc6 Qb7 38. Rxd8+ Nf8 39. Qc8 Qxb6 40.
Rxf8+ Kh7 41. Rh8+ Kg6 42. Ne7+ 1-0

[Event "12.PSF-B"]
[Site "Prague"]
[Date "2016.06.21"]
[Round "4.3"]
[White "Krnak, Vladimir"]
[Black "Lhotska, Anna"]
[Result "1-0"]
[WhiteElo "1720"]
[BlackElo "1461"]
[PlyCount "133"]
[EventDate "2016.06.25"]
[EventType "swiss"]
[EventRounds "9"]
[EventCountry "CZE"]

1. d4 d5 2. c4 e6 3. Nf3 Nf6 4. e3 Be7 5. Nc3 O-O 6. Qc2 b6 7. cxd5 exd5 8. Be2
Bb7 9. O-O Nbd7 10. Rd1 Rc8 11. Bd3 c5 12. Bf5 a6 13. Ne5 Rc7 14. Nxd7 Nxd7 15.
Bxh7+ Kh8 16. Bf5 Nf6 17. Qe2 g6 18. Bh3 Kg7 19. Bd2 Rh8 20. Rac1 Qd6 21. Be1
Bc8 22. Qf3 Bxh3 23. gxh3 Qe6 24. Kg2 Bd6 25. dxc5 Rxc5 26. Ne2 Rxc1 27. Rxc1
Qe5 28. Qg3 Qe4+ 29. Qf3 Qxf3+ 30. Kxf3 Rxh3+ 31. Ng3 Rxh2 32. Nf1 Rh4 33. Rc6
Bc5 34. Bc3 d4 35. exd4 Bxd4 36. Rc4 Bxf2 37. Bxf6+ Kxf6 38. Rc6+ Kf5 39. Kxf2
Rf4+ 40. Ke2 Re4+ 41. Kd3 Re6 42. Ne3+ Kf6 43. Rxb6 Rxb6 44. Nd5+ Kf5 45. Nxb6
Kg4 46. Nc4 Kf4 47. b4 g5 48. a4 g4 49. b5 axb5 50. axb5 g3 51. Ne3 Ke5 52. Ke2
Kd6 53. Nc4+ Kc5 54. b6 Kc6 55. Kf3 g2 56. Kxg2 f6 57. Kf3 f5 58. Kf4 Kb7 59.
Kxf5 Kc6 60. Ke6 Kb7 61. Kd7 Kb8 62. Kc6 Kc8 63. Nd6+ Kb8 64. b7 Ka7 65. Kc7
Ka6 66. Nc8 Ka5 67. b8=Q 1-0

[Event "12.PSF-B"]
[Site "Prague"]
[Date "2016.06.21"]
[Round "4.4"]
[White "Schoppe, Christian"]
[Black "Kuhnmund, Ivan"]
[Result "1/2-1/2"]
[WhiteElo "1633"]
[BlackElo "1703"]
[PlyCount "50"]
[EventDate "2016.06.25"]
[EventType "swiss"]
[EventRounds "9"]
[EventCountry "CZE"]

1. f4 Nf6 2. Nf3 b6 3. e3 c5 4. d3 d5 5. c3 Bb7 6. Bd2 e6 7. a4 a6 8. Na3 Nc6
9. Be2 Be7 10. Qc2 Rc8 11. c4 Nb4 12. Qb3 O-O 13. O-O Qc7 14. Rac1 Rfd8 15.
Bxb4 cxb4 16. cxd5 Qxc1 17. Rxc1 Rxc1+ 18. Kf2 bxa3 19. bxa3 Nxd5 20. Ne5 Rc3
21. Qb1 Rdc8 22. Nc4 Bxa3 23. Bf3 Bc5 24. Bxd5 exd5 25. Nxb6 Re8 {A podepsana
remis, hmm} 1/2-1/2

[Event "12.PSF-B"]
[Site "Prague"]
[Date "2016.06.21"]
[Round "4.5"]
[White "Kosar, Milan"]
[Black "Rousek, Jan"]
[Result "1/2-1/2"]
[WhiteElo "1668"]
[BlackElo "1421"]
[PlyCount "43"]
[EventDate "2016.06.25"]
[EventType "swiss"]
[EventRounds "9"]
[EventCountry "CZE"]

1. e4 c5 2. Nf3 e6 3. d4 cxd4 4. Nxd4 Nf6 5. Nc3 Nc6 6. Ndb5 Bb4 7. Nd6+ Ke7 8.
Nxc8+ Rxc8 9. Bd3 d5 10. exd5 Nxd5 11. O-O Nxc3 12. bxc3 Bxc3 13. Rb1 Rc7 14.
Ba3+ Ke8 15. Qg4 a5 16. Bc5 Bd4 17. Bb6 Bxb6 18. Rxb6 Qd4 19. Qxd4 Nxd4 20.
Rfb1 Kd7 21. Rxb7 Rhc8 22. f3 1/2-1/2

[Event "12.PSF-B"]
[Site "Prague"]
[Date "2016.06.21"]
[Round "4.6"]
[White "Ruzicka, Vaclav"]
[Black "Plate, Marion Helga"]
[Result "1-0"]
[WhiteElo "1635"]
[BlackElo "1276"]
[PlyCount "39"]
[EventDate "2016.06.25"]
[EventType "swiss"]
[EventRounds "9"]
[EventCountry "CZE"]

1. c4 Nf6 2. g3 g6 3. Nc3 Bg7 4. Bg2 c6 5. e4 d6 6. Nge2 O-O 7. O-O Nbd7 8. d3
e5 9. h3 a5 10. a4 Nc5 11. f4 exf4 12. Bxf4 Nh5 13. Be3 Ne6 14. Kh2 Ng5 15. h4
Ne6 16. d4 c5 17. d5 Be5 18. Kg1 Nd4 19. Nf4 Nxg3 20. Qd2 {Nokia gambit ...}
1-0

[Event "12.PSF-B"]
[Site "Prague"]
[Date "2016.06.21"]
[Round "4.7"]
[White "Magsumov, Rinat"]
[Black "Bara, Josef"]
[Result "1-0"]
[WhiteElo "1599"]
[BlackElo "1437"]
[PlyCount "73"]
[EventDate "2016.06.25"]
[EventType "swiss"]
[EventRounds "9"]
[EventCountry "CZE"]

1. e4 e6 2. b3 d5 3. Bb2 Nf6 4. e5 Nfd7 5. d4 c5 6. Nf3 cxd4 7. Nxd4 Bb4+ 8. c3
Ba5 9. Qg4 O-O 10. f4 Nc6 11. Nxc6 bxc6 12. Bd3 Nc5 13. Bc2 Ne4 14. Qh3 g6 15.
Bxe4 dxe4 16. Nd2 Qd3 17. Qxd3 exd3 18. Nc4 Bb6 19. Ba3 c5 20. Rd1 Rd8 21. Nd6
Ba6 22. c4 Ba5+ 23. Kf2 Bb4 24. Bxb4 cxb4 25. Rxd3 Rab8 26. Rhd1 Rf8 27. Ne4
Bb7 28. Nf6+ Kg7 29. Nd7 Be4 30. Rd4 Bc2 31. R1d2 Bf5 32. Nxf8 Rxf8 33. Rd8 Bb1
34. Rxf8 Kxf8 35. c5 Be4 36. Rd4 Bb1 37. c6 1-0

[Event "12.PSF-B"]
[Site "Prague"]
[Date "2016.06.21"]
[Round "4.8"]
[White "Hosova, Sandra"]
[Black "Vitek, Jan"]
[Result "0-1"]
[WhiteElo "1080"]
[BlackElo "1775"]
[PlyCount "54"]
[EventDate "2016.06.25"]
[EventType "swiss"]
[EventRounds "9"]
[EventCountry "CZE"]

1. e4 e5 2. Nf3 Nc6 3. Bc4 Bc5 4. Nc3 Nf6 5. d3 d6 6. Bg5 h6 7. Bh4 Bg4 8. h3
Bxf3 9. Qxf3 Nd4 10. Qd1 c6 11. Qd2 b5 12. Bb3 a5 13. a3 a4 14. Ba2 b4 15. Nd1
b3 16. cxb3 axb3 17. Bb1 Qb6 18. Ne3 Bb4 19. axb4 Rxa1 20. O-O g5 21. Bg3 Nh5
22. Ng4 Nxg3 23. fxg3 Nf3+ 24. Kh1 Nxd2 25. Nf6+ Kd8 26. Rf5 Rxb1+ 27. Kh2 Qg1#
0-1

[Event "12.PSF-B"]
[Site "Prague"]
[Date "2016.06.21"]
[Round "4.9"]
[White "Zabehlicky, Jiri"]
[Black "Husa, Daniel"]
[Result "1/2-1/2"]
[WhiteElo "1497"]
[BlackElo "1392"]
[PlyCount "39"]
[EventDate "2016.06.25"]
[EventType "swiss"]
[EventRounds "9"]
[EventCountry "CZE"]

1. Nf3 d5 2. g3 c5 3. Bg2 Nf6 4. c4 e6 5. O-O g6 6. cxd5 exd5 7. d3 Bg7 8. Na3
O-O 9. Rb1 Nc6 10. Nc2 b6 11. a3 Rb8 12. Bf4 Rb7 13. Bd2 Re8 14. b4 Qe7 15. e3
Bf5 16. Nfe1 Reb8 17. Rc1 Rc8 18. f3 Qd7 19. e4 dxe4 20. dxe4 1/2-1/2

[Event "12.PSF-B"]
[Site "Prague"]
[Date "2016.06.21"]
[Round "4.10"]
[White "Korsinskij, Nikolas"]
[Black "Kucera, Josef"]
[Result "1-0"]
[WhiteElo "1408"]
[BlackElo "1739"]
[PlyCount "115"]
[EventDate "2016.06.25"]
[EventType "swiss"]
[EventRounds "9"]
[EventCountry "CZE"]

1. e4 g6 2. d4 Bg7 3. Nc3 d6 4. Nf3 Nf6 5. Bc4 O-O 6. Bg5 Bg4 7. h3 Bxf3 8.
gxf3 h6 9. Be3 e5 10. Qd2 exd4 11. Bxd4 Nc6 12. Be3 Ne5 13. Be2 Kh7 14. O-O-O
a6 15. f4 Nc6 16. h4 Re8 17. h5 Ng8 18. hxg6+ fxg6 19. f5 Qf6 20. Bg5 Qd4 21.
fxg6+ Kxg6 22. Bh5+ Kh7 23. Bxe8 Qxd2+ 24. Rxd2 Rxe8 25. f3 Bxc3 26. bxc3 Ne5
27. Rf2 Rf8 28. Rh3 Kg6 29. Bd2 Nc4 30. f4 Nxd2 31. Kxd2 Nf6 32. Rg2+ Kh7 33.
Kd3 Re8 34. Re3 Nd7 35. Kd4 Rf8 36. Reg3 Rf7 37. Kd5 Nc5 38. f5 c6+ 39. Kxd6
Nxe4+ 40. Ke6 Rc7 41. Rd3 Ng5+ 42. Kd6 Rf7 43. Ke5 Re7+ 44. Kf4 Rf7 45. Rgd2
Ne6+ 46. Ke5 Nc5 47. Rd8 a5 48. f6 b6 49. Rg2 Rb7 50. Rg7+ Rxg7 51. fxg7 Kxg7
52. Rd6 Kf7 53. Rxh6 Ke7 54. Rxc6 Nd7+ 55. Kd5 Kd8 56. c4 Nb8 57. Rxb6 Kd7 58.
Rxb8 1-0

[Event "12.PSF-B"]
[Site "Prague"]
[Date "2016.06.21"]
[Round "4.11"]
[White "Rimovsky, Pavel"]
[Black "Sebek, Pavel"]
[Result "1-0"]
[WhiteElo "1422"]
[BlackElo "1612"]
[PlyCount "109"]
[EventDate "2016.06.25"]
[EventType "swiss"]
[EventRounds "9"]
[EventCountry "CZE"]

1. c4 c5 2. Nc3 g6 3. g3 Bg7 4. Bg2 Nf6 5. e4 d6 6. Nge2 Nc6 7. h3 a6 8. O-O e6
9. f4 Qc7 10. d3 O-O 11. a3 Rb8 12. Be3 b6 13. g4 Bb7 14. Ng3 Ne7 15. Qe2 Rbd8
16. Rab1 Bc6 17. Qf2 Ne8 18. Nce2 d5 19. d4 cxd4 20. Nxd4 Rb8 21. Nxc6 Nxc6 22.
cxd5 exd5 23. exd5 Ne7 24. Rbc1 Qd6 25. Ne4 Qd8 26. Qe2 Nd6 27. Nxd6 Qxd6 28.
f5 Be5 29. f6 Nc8 30. Rc6 Qd8 31. Bxb6 Rxb6 32. Rxb6 Qxb6+ 33. Kh1 Bxf6 34. b4
Nd6 35. Rxf6 Kg7 36. Qe5 Nc4 37. Rxb6+ Nxe5 38. Rxa6 Nc4 39. Kg1 Re8 40. Kf2
Re3 41. Bf1 Rxa3 42. Bxc4 Rxa6 43. Bxa6 Kf6 44. Kf3 Ke5 45. Bb7 Kd6 46. Ke4 f6
47. h4 h6 48. g5 hxg5 49. hxg5 f5+ 50. Kf4 Kc7 51. Bc6 Kd6 52. b5 Kc7 53. Ke5
Kd8 54. b6 Kc8 55. Be8 1-0

[Event "12.PSF-B"]
[Site "Prague"]
[Date "2016.06.21"]
[Round "4.12"]
[White "Korsinskij, Marek"]
[Black "Zednik, Petr"]
[Result "0-1"]
[WhiteElo "1378"]
[BlackElo "1563"]
[PlyCount "74"]
[EventDate "2016.06.25"]
[EventType "swiss"]
[EventRounds "9"]
[EventCountry "CZE"]

1. e4 e5 2. Nf3 Nc6 3. d4 exd4 4. Nxd4 Bc5 5. Be3 Qf6 6. c3 Nge7 7. Bc4 O-O 8.
O-O d6 9. Nb5 Bb6 10. Bxb6 axb6 11. Nxc7 Ra5 12. Nb5 Rd8 13. b4 Ra8 14. Nd4 Qg6
15. Qf3 Ne5 16. Qg3 Nxc4 17. Qxg6 Nxg6 18. f4 Re8 19. f5 Nge5 20. Nb5 Re7 21.
f6 gxf6 22. Rxf6 Re6 23. Rf4 Rg6 24. Nc7 Ra4 25. Nd5 Kf8 26. Nd2 Be6 27. Nxc4
Nxc4 28. Nc7 Ke7 29. Re1 Rxa2 30. Nd5+ Bxd5 31. exd5+ Ne5 32. g3 f6 33. Ref1 b5
34. h4 Rxg3+ 35. Kh1 Rgg2 36. c4 Rh2+ 37. Kg1 Rag2# 0-1

[Event "12.PSF-B"]
[Site "Prague"]
[Date "2016.06.21"]
[Round "4.13"]
[White "Vavrova, Jirina"]
[Black "Palla, Ivan"]
[Result "0-1"]
[WhiteElo "1051"]
[BlackElo "1558"]
[PlyCount "42"]
[EventDate "2016.06.25"]
[EventType "swiss"]
[EventRounds "9"]
[EventCountry "CZE"]

1. e4 c5 2. Nf3 Nc6 3. Nc3 e6 4. Bc4 d6 5. d4 cxd4 6. Nxd4 Nf6 7. Bb5 Qc7 8.
Bg5 Be7 9. g3 O-O 10. Qd2 a6 11. Be2 b5 12. a3 Bb7 13. Bf3 Ne5 14. Be2 Nxe4 15.
Qe3 Nxc3 16. f3 Nxe2 17. Bxe7 Nxd4 18. Qxd4 Nxf3+ 19. Kd1 Nxd4 20. Bxf8 Qxc2+
21. Ke1 Qe2# 0-1

[Event "12.PSF-B"]
[Site "Prague"]
[Date "2016.06.21"]
[Round "4.14"]
[White "Novotny, Josef"]
[Black "Engel, Tomas"]
[Result "0-1"]
[WhiteElo "1523"]
[BlackElo "1469"]
[PlyCount "84"]
[EventDate "2016.06.25"]
[EventType "swiss"]
[EventRounds "9"]
[EventCountry "CZE"]

1. Nf3 Nf6 2. c4 e6 3. g3 d5 4. cxd5 exd5 5. Bg2 Bd6 6. O-O O-O 7. d4 Re8 8.
Nc3 c6 9. Re1 Bf5 10. Bg5 Nbd7 11. Nh4 Be6 12. e4 dxe4 13. d5 cxd5 14. Nxe4 Bb4
15. Nxf6+ Nxf6 16. Re2 Be7 17. Qd4 h6 18. Bd2 Qd7 19. Bc3 Qb5 20. Qd2 Red8 21.
Nf5 Qc5 22. b4 Qc7 23. Be5 Qd7 24. Nd4 Bh3 25. Bh1 Rac8 26. a4 Rc4 27. b5 Rdc8
28. Qd3 Rc1+ 29. Re1 Rxe1+ 30. Rxe1 Rc4 31. Qb3 Ng4 32. Bf4 Rxd4 33. Rc1 Qe6
34. Bf3 b6 35. Qb1 Bc5 36. Re1 Qd7 37. Re2 g5 38. Be3 Nxe3 39. fxe3 Rb4 40. Qd1
Be6 41. Qa1 d4 42. Bc6 Qd6 0-1